Fulmaya

Bibliographic Details
Main Author: Nvotová, Dorota, 1982- (Author)
Format: Book
Language:Slovak
PhysicalDescription:383 s. fareb. fotogr. 19 cm
Published: Bratislava Evitapress 2011
ISBN:9788089452309
Edition:1. vyd.
Subjects:

MARC

LEADER 00000aam a2200000 a 4500
001 vtls010277271
003 SK-MaSNL
005 20260302011738.0
008 240318s2011 xo o e 000 j slo
015 |a SNBA2012/02-00720 
020 |a 9788089452309  |q (brož.) 
040 |a SNK  |b slo  |c SNK  |e AACR2 
041 0 |a slo 
044 |a xo  |c SK 
072 7 |a 821.162.4-3  |x Slovenská próza  |2 konspekt 
080 |a 821.162.4-32  |2 2001 
080 |a (0:82-992)  |2 2001 
080 |a (0:82-322.6)  |2 2001 
100 1 |a Nvotová, Dorota,  |d 1982-  |4 aut  |9 24346 
245 1 0 |a Fulmaya  |c Dorota Nvotová 
250 |a 1. vyd. 
260 |a Bratislava  |b Evitapress  |c 2011 
300 |a 383 s.  |b fareb. fotogr.  |c 19 cm 
600 1 7 |a Nvotová, Dorota,  |d 1982-  |2 SNKMA  |9 24346 
655 7 |a cestopisy  |2 SNKPH  |9 70220 
655 7 |a autobiografické príbehy  |2 SNKPH  |9 70622 
655 7 |a Books of travels  |2 SNKPHeng  |9 280380 
655 7 |a Autobiographical stories  |2 SNKPHeng  |9 302869 
852 |a Štátna vedecká knižnica v Banskej Bystrici 
919 |a 978-80-89452-30-9 
958 |a LX 
968 |d 821 
999 |c 1007258  |d 1009188 
952 |a SNK  |b SNK  |y PREZ  |7 0  |p 17A0702038  |o snkSD 80185  |i snk2011/10893  |8 0  |0 0  |1 0  |4 0  |d 2011-05-12  |l 0  |r 2025-11-27 00:00:00  |w 2026-02-24 
952 |a SNK  |b SNK  |y VYP  |7 0  |p 17A0707429  |o snkSD 80185 D1  |i snk2011/15301  |8 0  |0 0  |1 0  |4 0  |d 2011-07-11  |l 0  |r 2017-06-30 00:00:00  |w 2026-02-24